| 000 | 00395nam a2200157Ia 4500 | ||
|---|---|---|---|
| 008 | 220805s9999 xx 000 0 und d | ||
| 020 | _a978-81-7809-163-1 | ||
| 041 | _aeng | ||
| 082 | _a153.932 | ||
| 100 |
_aAvery,Christopher B. _988507 |
||
| 260 |
_aMumbai _bMagna pub. _c2003 |
||
| 245 | _aTeam work is individual skill | ||
| 250 | _a1 | ||
| 300 | _a192 | ||
| 650 |
_aHuman psychology _988508 |
||
| 999 |
_c48707 _d48707 |
||